[Event "Aeroflot Open 2006"]
[Site "Moscu RUS"]
[Date "2006.02.13"]
[Round "6.22"]
[White "Tomashevsky, Evgeny"]
[Black "Aleksandrov, Aleksej"]
[Result "1-0"]
[WhiteElo "2586"]
[BlackElo "2653"]
[PlyCount "77"]
[EventDate "2006.02.08"]
[EventType "swiss"]
[EventRounds "9"]
[EventCountry "RUS"]
[Source "lmi"]
[SourceDate "2006.02.18"]

1. c4 e6 2. Nc3 d5 3. d4 Bb4 4. a3 Bxc3+ 5. bxc3 c5 6. e3 Qc7 7. cxd5 exd5 8.
Ra2 Nf6 9. Bd3 O-O 10. Ne2 b6 11. O-O Re8 12. f3 Ba6 13. Bxa6 Nxa6 14. Qd3 Qb7
15. g4 Rad8 16. Ng3 Nc7 17. Rg2 Qc6 18. h4 Nd7 19. Nf5 Nb5 20. e4 dxe4 21. fxe4
cxd4 22. cxd4 Nd6 23. e5 Nc4 24. Qg3 Nf8 25. g5 Ne6 26. Qf2 Rd7 27. Nh6+ gxh6
28. gxh6+ Kf8 29. Qf6 Qe4 30. Qh8+ Ke7 31. Qf6+ Kf8 32. Qh8+ Ke7 33. Bg5+ Nxg5
34. Qf6+ Kf8 35. Rxg5 Qxd4+ 36. Rf2 Qa1+ 37. Kh2 Qxe5+ 38. Rxe5 Rxe5 39. Qg7+
1-0

[Event "Aeroflot Open 2006"]
[Site "Moscu RUS"]
[Date "2006.02.13"]
[Round "6.24"]
[White "Tregubov, Pavel V"]
[Black "Izoria, Zviad"]
[Result "0-1"]
[WhiteElo "2556"]
[BlackElo "2652"]
[PlyCount "64"]
[EventDate "2006.02.08"]
[EventType "swiss"]
[EventRounds "9"]
[EventCountry "RUS"]
[Source "lmi"]
[SourceDate "2006.02.18"]

1. d4 d6 2. Nf3 Nf6 3. c4 g6 4. g3 Bg7 5. Bg2 O-O 6. O-O c6 7. Nc3 Qb6 8. e4
Bg4 9. b3 c5 10. dxc5 dxc5 11. Be3 Nc6 12. h3 Rad8 13. Qc1 Bxf3 14. Bxf3 Qa5
15. Bg2 Ng4 16. hxg4 Bxc3 17. Rb1 Bd2 18. Bxd2 Rxd2 19. Rb2 Rxb2 20. Qxb2 Rd8
21. e5 Rd2 22. Qb1 Nd4 23. Qe4 Qc7 24. a3 b6 25. Re1 Ra2 26. b4 Rxa3 27. bxc5
Qxc5 28. Rd1 Ne6 29. Rd7 Ra1+ 30. Bf1 Ng5 31. Qe2 Re1 32. Qd3 Nh3+ 0-1

[Event "Aeroflot Open 2006"]
[Site "Moscu RUS"]
[Date "2006.02.13"]
[Round "6.25"]
[White "Sadvakasov, Darmen"]
[Black "Balogh, Csaba"]
[Result "0-1"]
[WhiteElo "2629"]
[BlackElo "2561"]
[PlyCount "106"]
[EventDate "2006.02.08"]
[EventType "swiss"]
[EventRounds "9"]
[EventCountry "RUS"]
[Source "lmi"]
[SourceDate "2006.02.18"]

1. e4 c5 2. Nf3 d6 3. d4 cxd4 4. Nxd4 Nf6 5. Nc3 Nc6 6. Bg5 Bd7 7. Qd2 Nxd4 8.
Qxd4 Qa5 9. f4 e6 10. O-O-O Be7 11. Bc4 Bc6 12. Rhe1 Rd8 13. Nd5 e5 14. Qf2
Bxd5 15. exd5 O-O 16. Qf3 e4 17. Qe2 b5 18. Bb3 Qb6 19. Bh4 a5 20. Bf2 Qb7 21.
a3 a4 22. Ba2 b4 23. axb4 Qxb4 24. Rd4 Qa5 25. Qd2 Qa6 26. Qe2 Qa5 27. Qd2 Qa6
28. Rc4 Rb8 29. Rc6 Qb5 30. c4 Qb7 31. Bd4 Rfc8 32. Rxc8+ Qxc8 33. Kb1 Bd8 34.
h3 a3 35. Re3 axb2 36. Rb3 Ra8 37. Rxb2 Nd7 38. g4 Bf6 39. Bxf6 Nxf6 40. Qe3 h5
41. f5 hxg4 42. hxg4 Nxg4 43. Qxe4 Nf6 44. Qf3 Qc5 45. Qf2 Qa5 46. Qd2 Qa7 47.
Qf2 Qe7 48. Qe2 Ne4 49. Kc2 Qe5 50. Qf3 Qd4 51. Qd3 Qf2+ 52. Kc1 Qe1+ 53. Kc2
Nc5 0-1

[Event "Aeroflot Open 2006"]
[Site "Moscu RUS"]
[Date "2006.02.13"]
[Round "6.26"]
[White "Smirnov, Pavel"]
[Black "Shaposhnikov, Evgeny"]
[Result "1-0"]
[WhiteElo "2614"]
[BlackElo "2553"]
[PlyCount "88"]
[EventDate "2006.02.08"]
[EventType "swiss"]
[EventRounds "9"]
[EventCountry "RUS"]
[Source "lmi"]
[SourceDate "2006.02.18"]

1. e4 c5 2. Nf3 e6 3. d4 cxd4 4. Nxd4 a6 5. Bd3 d5 6. exd5 Qxd5 7. O-O Bd7 8.
Be3 Nf6 9. Nc3 Qd6 10. Ne4 Nxe4 11. Bxe4 Nc6 12. c4 Be7 13. Nb3 Qe5 14. Qf3 O-O
15. Rad1 Be8 16. Nd4 Rc8 17. a3 f5 18. Bxc6 Bxc6 19. Nxc6 Rxc6 20. Rd7 Bf6 21.
b3 Qb8 22. Rfd1 Qc8 23. a4 Rf7 24. Rxf7 Kxf7 25. c5 e5 26. Qd5+ Qe6 27. Qd7+
Qxd7 28. Rxd7+ Ke6 29. Rxb7 f4 30. Bd2 Rxc5 31. Rb6+ Kd5 32. Kf1 Rc2 33. Ke1
Bg5 34. f3 e4 35. fxe4+ Kxe4 36. Rxa6 Rb2 37. Re6+ Kd5 38. Re5+ Kxe5 39. Bc3+
Ke4 40. Bxb2 g6 41. Ke2 Bd8 42. b4 g5 43. a5 g4 44. Bc3 Kd5 1-0

[Event "Aeroflot Open 2006"]
[Site "Moscu RUS"]
[Date "2006.02.13"]
[Round "6.27"]
[White "Sorokin, Maxim"]
[Black "Kazhgaleyev, Murtas"]
[Result "0-1"]
[WhiteElo "2560"]
[BlackElo "2607"]
[PlyCount "56"]
[EventDate "2006.02.08"]
[EventType "swiss"]
[EventRounds "9"]
[EventCountry "RUS"]
[Source "lmi"]
[SourceDate "2006.02.18"]

1. e4 e5 2. Nf3 Nc6 3. Bb5 a6 4. Ba4 Nf6 5. O-O b5 6. Bb3 Bc5 7. a4 Rb8 8. axb5
axb5 9. d3 d6 10. Be3 O-O 11. Nbd2 Bb6 12. c3 Ne7 13. Nh4 Bg4 14. Qe1 Nh5 15.
h3 Bd7 16. Ndf3 Kh8 17. g4 Ng6 18. Bg5 Nxh4 19. Bxh4 Qe8 20. gxh5 f5 21. exf5
Qxh5 22. Bd1 Bc6 23. Nxe5 Qxh4 24. Nxc6 Qg3+ 25. Kh1 Qxh3+ 26. Kg1 Rxf5 27. Qe7
Qg3+ 28. Kh1 Bxf2 0-1

[Event "Aeroflot Open 2006"]
[Site "Moscu RUS"]
[Date "2006.02.13"]
[Round "6.28"]
[White "Roiz, Michael"]
[Black "Yevseev, Denis"]
[Result "1/2-1/2"]
[WhiteElo "2599"]
[BlackElo "2557"]
[PlyCount "41"]
[EventDate "2006.02.08"]
[EventType "swiss"]
[EventRounds "9"]
[EventCountry "RUS"]
[Source "lmi"]
[SourceDate "2006.02.18"]

1. Nf3 d5 2. d4 Nf6 3. c4 e6 4. g3 dxc4 5. Bg2 Bb4+ 6. Bd2 a5 7. Nc3 Nc6 8. a3
Bxc3 9. bxc3 a4 10. Bg5 Bd7 11. Ne5 Na5 12. Ng4 h6 13. Nxf6+ gxf6 14. Bh4 Bc6
15. e4 Nb3 16. Ra2 e5 17. O-O Qd6 18. f4 exd4 19. e5 Qc5 20. Bxc6+ bxc6 21.
cxd4 1/2-1/2

[Event "Aeroflot Open 2006"]
[Site "Moscu RUS"]
[Date "2006.02.13"]
[Round "6.29"]
[White "Landa, Konstantin"]
[Black "Predojevic, Borki"]
[Result "1/2-1/2"]
[WhiteElo "2597"]
[BlackElo "2553"]
[PlyCount "24"]
[EventDate "2006.02.08"]
[EventType "swiss"]
[EventRounds "9"]
[EventCountry "RUS"]
[Source "lmi"]
[SourceDate "2006.02.18"]

1. e4 c5 2. Nc3 e6 3. Nf3 d6 4. d4 cxd4 5. Nxd4 Nc6 6. Be3 Nf6 7. f3 Be7 8. Qd2
O-O 9. O-O-O d5 10. exd5 Nxd5 11. Nxd5 Qxd5 12. c4 Qd6 1/2-1/2

[Event "Aeroflot Open 2006"]
[Site "Moscu RUS"]
[Date "2006.02.14"]
[Round "7.1"]
[White "Georgiev, Kiril"]
[Black "Eljanov, Pavel"]
[Result "1/2-1/2"]
[WhiteElo "2645"]
[BlackElo "2655"]
[PlyCount "43"]
[EventDate "2006.02.08"]
[EventType "swiss"]
[EventRounds "9"]
[EventCountry "RUS"]
[Source "lmi"]
[SourceDate "2006.02.18"]

1. d4 Nf6 2. c4 e6 3. Nf3 b6 4. g3 Ba6 5. b3 Bb7 6. Bg2 Bb4+ 7. Bd2 a5 8. O-O
O-O 9. Qc2 d6 10. Nc3 Nbd7 11. Rfd1 Qe7 12. Ne1 Bxg2 13. Kxg2 c5 14. Nb5 d5 15.
Nf3 cxd4 16. Bxb4 axb4 17. cxd5 Nxd5 18. Nfxd4 Rfc8 19. Qb2 Nc3 20. Rdc1 Nxb5
21. Nxb5 Rc5 22. Rxc5 1/2-1/2

[Event "Aeroflot Open 2006"]
[Site "Moscu RUS"]
[Date "2006.02.14"]
[Round "7.5"]
[White "Jakovenko, Dmitry"]
[Black "Jobava, Baadur"]
[Result "1/2-1/2"]
[WhiteElo "2662"]
[BlackElo "2614"]
[PlyCount "109"]
[EventDate "2006.02.08"]
[EventType "swiss"]
[EventRounds "9"]
[EventCountry "RUS"]
[Source "lmi"]
[SourceDate "2006.02.18"]

1. e4 c6 2. d4 d5 3. Nc3 dxe4 4. Nxe4 Bf5 5. Ng3 Bg6 6. h4 h6 7. Nf3 Nd7 8. h5
Bh7 9. Bd3 Bxd3 10. Qxd3 Ngf6 11. Bf4 Qa5+ 12. Bd2 Qc7 13. O-O-O e6 14. Ne4
O-O-O 15. g3 Nxe4 16. Qxe4 Nf6 17. Qe2 Bd6 18. c4 c5 19. Bc3 cxd4 20. Rxd4 Rd7
21. Kb1 Rhd8 22. c5 Bf8 23. Ra4 Qc6 24. Rxa7 Bxc5 25. Ra8+ Kc7 26. Rxd8 Kxd8
27. Rc1 Rd5 28. Ne5 Qa6 29. Qc2 Ke7 30. g4 Qd6 31. a3 Ne8 32. f4 f6 33. Ng6+
Kf7 34. f5 Nc7 35. fxe6+ Nxe6 36. Qb3 Qd7 37. Re1 Bf2 38. Re2 Bg3 39. Ka2 Qb5
40. Nh8+ Ke7 41. Bb4+ Bd6 42. Ng6+ Kd7 43. Bxd6 Qxb3+ 44. Kxb3 Rxd6 45. Kc3
Rc6+ 46. Kd3 Rc5 47. Re4 Rg5 48. Rb4 Nc5+ 49. Ke3 f5 50. Rd4+ Kc7 51. Rd5 fxg4
52. Rxg5 hxg5 53. Ne7 g3 54. Kf3 Nd7 55. Nf5 1/2-1/2

[Event "Aeroflot Open 2006"]
[Site "Moscu RUS"]
[Date "2006.02.14"]
[Round "7.6"]
[White "Naiditsch, Arkadij"]
[Black "Galkin, Alexander"]
[Result "1-0"]
[WhiteElo "2657"]
[BlackElo "2616"]
[PlyCount "39"]
[EventDate "2006.02.08"]
[EventType "swiss"]
[EventRounds "9"]
[EventCountry "RUS"]
[Source "lmi"]
[SourceDate "2006.02.18"]

1. e4 c6 2. d4 d5 3. e5 Bf5 4. Nc3 e6 5. g4 Bg6 6. Nge2 c5 7. h4 h5 8. Nf4 Bh7
9. Nxh5 Nc6 10. dxc5 Bxc5 11. Bb5 Qc7 12. Bxc6+ Qxc6 13. Qf3 Kf8 14. Bg5 Rc8
15. O-O d4 16. Qxc6 Rxc6 17. Rad1 Nh6 18. Na4 Be7 19. Rxd4 Bxc2 20. Rd7 1-0

[Event "Aeroflot Open 2006"]
[Site "Moscu RUS"]
[Date "2006.02.14"]
[Round "7.9"]
[White "Alekseev, Evgeny"]
[Black "Petrosian, Tigran L"]
[Result "1/2-1/2"]
[WhiteElo "2634"]
[BlackElo "2558"]
[PlyCount "103"]
[EventDate "2006.02.08"]
[EventType "swiss"]
[EventRounds "9"]
[EventCountry "RUS"]
[Source "lmi"]
[SourceDate "2006.02.18"]

1. e4 c5 2. Nf3 d6 3. d4 cxd4 4. Nxd4 Nf6 5. Nc3 a6 6. Be2 e5 7. Nb3 Be7 8. O-O
O-O 9. a4 Be6 10. Bf3 Nbd7 11. Re1 h6 12. Nd2 Qa5 13. Nf1 b5 14. Bd2 b4 15. Nd5
Nxd5 16. exd5 Bf5 17. c3 b3 18. Qxb3 Nc5 19. Qa3 Nd3 20. c4 Qb6 21. Re3 Qd4 22.
Qc3 Bg5 23. Re2 Bxd2 24. Qxd4 exd4 25. Rxd2 Rab8 26. Ra3 Nc5 27. Ng3 Rfe8 28.
Kf1 Bg6 29. Ne2 Nb3 30. Rxb3 Rxb3 31. Nc1 Rb7 32. Bd1 Rbe7 33. f3 Re1+ 34. Kf2
Rh1 35. Ne2 d3 36. Nf4 Ree1 37. Bb3 Rhf1+ 38. Kg3 Rg1 39. c5 dxc5 40. a5 c4 41.
Bxc4 Rd1 42. Rf2 Bf5 43. d6 Kf8 44. Bxa6 Rge1 45. d7 Ke7 46. Nd5+ Kd8 47. Nc3
Rc1 48. Bb5 Rc2 49. a6 Ra1 50. Rf1 Ra5 51. b4 Rxa6 52. Bxa6 1/2-1/2

[Event "Aeroflot Open 2006"]
[Site "Moscu RUS"]
[Date "2006.02.14"]
[Round "7.13"]
[White "Kuzubov, Yuriy"]
[Black "Timofeev, Artyom"]
[Result "0-1"]
[WhiteElo "2544"]
[BlackElo "2653"]
[PlyCount "44"]
[EventDate "2006.02.08"]
[EventType "swiss"]
[EventRounds "9"]
[EventCountry "RUS"]
[Source "lmi"]
[SourceDate "2006.02.18"]

1. d4 d5 2. c4 e6 3. Nf3 Nf6 4. Qc2 c5 5. g3 Nc6 6. Bg2 cxd4 7. O-O Be7 8. Bf4
O-O 9. Rd1 Bd7 10. Nxd4 Nxd4 11. Rxd4 Bc5 12. Rd1 Ng4 13. Rf1 Qb6 14. e4 e5 15.
Bc1 f5 16. Nc3 dxe4 17. Nd5 Qd6 18. Bg5 Rae8 19. Rad1 Qg6 20. Bc1 f4 21. b4 Qh5
22. h3 fxg3 0-1

[Event "Aeroflot Open 2006"]
[Site "Moscu RUS"]
[Date "2006.02.14"]
[Round "7.14"]
[White "Izoria, Zviad"]
[Black "Fedorov, Alexei"]
[Result "1/2-1/2"]
[WhiteElo "2652"]
[BlackElo "2608"]
[PlyCount "47"]
[EventDate "2006.02.08"]
[EventType "swiss"]
[EventRounds "9"]
[EventCountry "RUS"]
[Source "lmi"]
[SourceDate "2006.02.18"]

1. c4 g6 2. d4 Nf6 3. Nc3 Bg7 4. e4 d6 5. h3 O-O 6. Be3 e5 7. d5 a5 8. c5 c6 9.
dxc6 Nxc6 10. Nf3 dxc5 11. Bxc5 Re8 12. Bb5 Bd7 13. O-O Nd4 14. Bxd7 Nxd7 15.
Nxd4 Nxc5 16. Ndb5 Bf8 17. Nd5 Rc8 18. Qf3 Rc6 19. Rad1 Qh4 20. Rfe1 Kg7 21.
Na7 Rd6 22. Nb5 Rc6 23. Na7 Rd6 24. Nb5 1/2-1/2

[Event "Aeroflot Open 2006"]
[Site "Moscu RUS"]
[Date "2006.02.14"]
[Round "7.18"]
[White "Yakovich, Yuri"]
[Black "Volkov, Sergey"]
[Result "1-0"]
[WhiteElo "2551"]
[BlackElo "2629"]
[PlyCount "125"]
[EventDate "2006.02.08"]
[EventType "swiss"]
[EventRounds "9"]
[EventCountry "RUS"]
[Source "lmi"]
[SourceDate "2006.02.18"]

1. c4 Nf6 2. Nc3 e5 3. g3 Bb4 4. Bg2 O-O 5. Nf3 Re8 6. O-O h6 7. d3 c6 8. Bd2
d5 9. Nxd5 Nxd5 10. cxd5 Bxd2 11. Nxd2 cxd5 12. Qb3 Be6 13. Qxb7 Nd7 14. Qa6
Qb6 15. Qxb6 Nxb6 16. Rfc1 Rac8 17. b3 Kf8 18. d4 f6 19. e3 Ke7 20. Bf1 Kd6 21.
Ba6 Rxc1+ 22. Rxc1 Bc8 23. Bxc8 Nxc8 24. dxe5+ fxe5 25. e4 d4 26. Nc4+ Kd7 27.
Nb2 g5 28. Nd3 Nd6 29. f3 Nf7 30. Rc5 Re7 31. Kf2 h5 32. h4 g4 33. fxg4 hxg4
34. Ke2 Kd8 35. Nf2 Nd6 36. Rd5 Kc7 37. Nxg4 Rg7 38. Nxe5 Rxg3 39. Rxd4 Rg2+
40. Kf3 Rxa2 41. Nc4 Ne8 42. Ne3 Rb2 43. Rd3 Ng7 44. Kg4 Rh2 45. Nf5 Ne6 46. h5
Rf2 47. h6 Nf8 48. Kg5 Re2 49. Re3 Rg2+ 50. Rg3 Re2 51. Rg4 Rb2 52. Kf6 Rxb3
53. Ke7 Rb8 54. e5 a5 55. e6 Nh7 56. Rg7 Rh8 57. Kf7 Kc6 58. e7 Kd7 59. Kg6 a4
60. Rxh7 Rxh7 61. Kxh7 a3 62. Ne3 Kxe7 63. Kg8 1-0

[Event "Aeroflot Open 2006"]
[Site "Moscu RUS"]
[Date "2006.02.14"]
[Round "7.19"]
[White "Sedlak, Nikola"]
[Black "Smirnov, Pavel"]
[Result "1/2-1/2"]
[WhiteElo "2518"]
[BlackElo "2614"]
[PlyCount "79"]
[EventDate "2006.02.08"]
[EventType "swiss"]
[EventRounds "9"]
[EventCountry "RUS"]
[Source "lmi"]
[SourceDate "2006.02.18"]

1. e4 c5 2. Nf3 d6 3. d4 cxd4 4. Nxd4 Nf6 5. Nc3 a6 6. Bg5 e6 7. f4 Qb6 8. a3
Nc6 9. Nb3 Be7 10. Qd2 O-O 11. O-O-O Rd8 12. Be2 Qc7 13. Nd4 Bd7 14. Qe3 Rac8
15. Kb1 h6 16. h4 Nxd4 17. Rxd4 Qb6 18. Qd3 Bc6 19. Ka1 e5 20. fxe5 dxe5 21.
Rxd8+ Rxd8 22. Qg3 Kf8 23. Bxf6 Bxf6 24. Rf1 Qc5 25. Qf3 Rd7 26. g3 b5 27. Qf5
Ke8 28. Bd3 b4 29. axb4 Qxb4 30. Kb1 Rb7 31. Qc8+ Ke7 32. Nd1 Qb6 33. g4 Rb8
34. Qf5 Bd7 35. Qh5 g6 36. Qxh6 Bxg4 37. b3 Rh8 38. Qc1 Kf8 39. Ne3 Be6 40.
Rxf6 1/2-1/2

[Event "Aeroflot Open 2006"]
[Site "Moscu RUS"]
[Date "2006.02.14"]
[Round "7.21"]
[White "Yevseev, Denis"]
[Black "Efimenko, Zahar"]
[Result "1/2-1/2"]
[WhiteElo "2557"]
[BlackElo "2666"]
[PlyCount "44"]
[EventDate "2006.02.08"]
[EventType "swiss"]
[EventRounds "9"]
[EventCountry "RUS"]
[Source "lmi"]
[SourceDate "2006.02.18"]

1. d4 c5 2. d5 g6 3. e4 Bg7 4. Nf3 d6 5. Be2 Bg4 6. Nfd2 Bxe2 7. Qxe2 Nf6 8.
O-O O-O 9. Nc3 Na6 10. Nc4 Nc7 11. a4 a6 12. a5 Nb5 13. Nxb5 axb5 14. Nb6 Ra6
15. Qxb5 Nxe4 16. Re1 Nf6 17. Bg5 h6 18. Bd2 Qe8 19. Qb3 Qd8 20. Qb5 Qe8 21.
Qb3 Qd8 22. Re2 Re8 1/2-1/2

[Event "Aeroflot Open 2006"]
[Site "Moscu RUS"]
[Date "2006.02.14"]
[Round "7.22"]
[White "Khalifman, Alexander"]
[Black "Grigoriants, Sergey"]
[Result "1/2-1/2"]
[WhiteElo "2660"]
[BlackElo "2550"]
[PlyCount "37"]
[EventDate "2006.02.08"]
[EventType "swiss"]
[EventRounds "9"]
[EventCountry "RUS"]
[Source "lmi"]
[SourceDate "2006.02.18"]

1. d4 Nf6 2. c4 e6 3. Nc3 Bb4 4. Qc2 O-O 5. Nf3 b6 6. e4 Bb7 7. Bd3 h6 8. O-O
Bxc3 9. bxc3 d6 10. Nd2 e5 11. f4 c5 12. Nf3 exd4 13. cxd4 cxd4 14. Ba3 Re8 15.
Rae1 Nc6 16. Qb2 Rc8 17. Nxd4 Ne5 18. fxe5 dxe5 19. Nf5 1/2-1/2

[Event "Aeroflot Open 2006"]
[Site "Moscu RUS"]
[Date "2006.02.14"]
[Round "7.24"]
[White "Predojevic, Borki"]
[Black "Roiz, Michael"]
[Result "1-0"]
[WhiteElo "2553"]
[BlackElo "2599"]
[PlyCount "93"]
[EventDate "2006.02.08"]
[EventType "swiss"]
[EventRounds "9"]
[EventCountry "RUS"]
[Source "lmi"]
[SourceDate "2006.02.18"]

1. e4 c5 2. Nf3 Nc6 3. d4 cxd4 4. Nxd4 Nf6 5. Nc3 e5 6. Ndb5 d6 7. Bg5 a6 8.
Na3 b5 9. Nd5 Be7 10. Bxf6 Bxf6 11. c4 b4 12. Nc2 a5 13. g3 O-O 14. Bg2 Be6 15.
O-O Bxd5 16. cxd5 Nb8 17. Ne3 Nd7 18. h4 g6 19. Rc1 Nc5 20. Rxc5 dxc5 21. Nc4
Qc7 22. d6 Qc6 23. Qd3 Rfd8 24. f4 Re8 25. d7 Red8 26. fxe5 Rxd7 27. Rxf6 Rxd3
28. Rxc6 a4 29. Rd6 Rxg3 30. Kh2 Rg4 31. Kh3 h5 32. Ne3 a3 33. b3 c4 34. bxc4
b3 35. Rd1 b2 36. Nxg4 hxg4+ 37. Kxg4 Rb8 38. Rb1 Rb3 39. Bf1 Rc3 40. Kf4 Kf8
41. e6 f6 42. e5 f5 43. h5 gxh5 44. Kxf5 Rc1 45. Kf6 Rxb1 46. e7+ Ke8 47. Bg2
1-0

[Event "Aeroflot Open 2006"]
[Site "Moscu RUS"]
[Date "2006.02.14"]
[Round "7.27"]
[White "Riazantsev, Alexander"]
[Black "Shchekachev, Andrei"]
[Result "1/2-1/2"]
[WhiteElo "2594"]
[BlackElo "2570"]
[PlyCount "47"]
[EventDate "2006.02.08"]
[EventType "swiss"]
[EventRounds "9"]
[EventCountry "RUS"]
[Source "lmi"]
[SourceDate "2006.02.18"]

1. d4 Nf6 2. c4 e6 3. Nf3 b6 4. a3 Bb7 5. Nc3 d5 6. Bg5 Be7 7. Bxf6 Bxf6 8.
cxd5 exd5 9. Qb3 O-O 10. Rd1 Re8 11. g3 c6 12. Bg2 Nd7 13. O-O Nf8 14. Rfe1 Ne6
15. e3 g6 16. Rd2 Bg7 17. Rc1 Qd6 18. Qd1 Rad8 19. b4 Ba8 20. Na4 Re7 21. Rdc2
Bb7 22. Qd2 Rc7 23. Bf1 Rb8 24. h4 1/2-1/2

[Event "Aeroflot Open 2006"]
[Site "Moscu RUS"]
[Date "2006.02.14"]
[Round "7.28"]
[White "Bocharov, Dmitry"]
[Black "Khairullin, Ildar"]
[Result "1/2-1/2"]
[WhiteElo "2590"]
[BlackElo "2533"]
[PlyCount "100"]
[EventDate "2006.02.08"]
[EventType "swiss"]
[EventRounds "9"]
[EventCountry "RUS"]
[Source "lmi"]
[SourceDate "2006.02.18"]

1. d4 Nf6 2. Nf3 e6 3. c4 b6 4. Nc3 Bb7 5. Bg5 Bb4 6. Qb3 c5 7. e3 h6 8. Bh4
O-O 9. Be2 d5 10. dxc5 bxc5 11. O-O Nbd7 12. a3 Bxc3 13. Qxc3 Qb6 14. Rac1 Rac8
15. Rfd1 Ne4 16. Qc2 Rfe8 17. Nd2 Nxd2 18. Rxd2 Ne5 19. b3 Qc6 20. f3 Qb6 21.
Qc3 Nc6 22. Bf2 Red8 23. Bf1 d4 24. exd4 Nxd4 25. b4 e5 26. bxc5 Qxc5 27. Rcd1
a5 28. Kh1 Bc6 29. f4 f6 30. h3 Rd6 31. Bxd4 exd4 32. Rxd4 Rxd4 33. Rxd4 Re8
34. Kh2 f5 35. Rd3 Qf2 36. Rg3 Re7 37. Qxa5 Qxf4 38. Qd8+ Re8 39. Qd3 Be4 40.
Qc3 Qc7 41. Qe1 Rb8 42. Kg1 Rb1 43. Qf2 f4 44. Rc3 Qe5 45. Qd2 f3 46. gxf3 Qg3+
47. Qg2 Qe1 48. Qc2 Qg3+ 49. Qg2 Qe5 50. Qd2 Qc5+ 1/2-1/2

[Event "Aeroflot Open 2006"]
[Site "Moscu RUS"]
[Date "2006.02.14"]
[Round "7.29"]
[White "Areshchenko, Alexander"]
[Black "Sorokin, Maxim"]
[Result "1-0"]
[WhiteElo "2670"]
[BlackElo "2560"]
[PlyCount "87"]
[EventDate "2006.02.08"]
[EventType "swiss"]
[EventRounds "9"]
[EventCountry "RUS"]
[Source "lmi"]
[SourceDate "2006.02.18"]

1. e4 e5 2. Nf3 Nc6 3. Bc4 Bc5 4. O-O Nf6 5. d3 a6 6. c3 Ba7 7. Be3 O-O 8. Bxa7
Rxa7 9. Re1 d6 10. a4 Ra8 11. Nbd2 Re8 12. Qb3 Qe7 13. a5 Rb8 14. Nf1 Bg4 15.
Ng5 Nd8 16. Ne3 Ne6 17. Nxg4 Nxg4 18. Nf3 c6 19. d4 Qc7 20. h3 Nf6 21. dxe5
dxe5 22. Bxe6 Rxe6 23. Nd2 Nh5 24. g3 Rg6 25. Kh2 Qe7 26. Nf3 Qc5 27. Qb6 Qxb6
28. axb6 Re6 29. Ra5 Rbe8 30. Nd2 Nf6 31. Nc4 Kf8 32. b4 Nd7 33. Rd1 Ke7 34.
Ra2 c5 35. Ne3 Nf6 36. bxc5 Nxe4 37. Nd5+ Kf8 38. Re2 Nxc5 39. Nc7 f6 40. Nxe6+
Rxe6 41. Rd8+ Kf7 42. Rc8 Na4 43. Rc7+ Kg6 44. Re3 1-0

[Event "Aeroflot Open 2006"]
[Site "Moscu RUS"]
[Date "2006.02.15"]
[Round "8.1"]
[White "Eljanov, Pavel"]
[Black "Malakhov, Vladimir"]
[Result "1/2-1/2"]
[WhiteElo "2655"]
[BlackElo "2694"]
[PlyCount "27"]
[EventDate "2006.02.08"]
[EventType "swiss"]
[EventRounds "9"]
[EventCountry "RUS"]
[Source "lmi"]
[SourceDate "2006.02.18"]

1. d4 d5 2. c4 c6 3. Nf3 Nf6 4. Nc3 a6 5. e3 b5 6. c5 g6 7. Ne5 Bg7 8. Be2 O-O
9. O-O Be6 10. f4 Qc7 11. Bd2 Ne4 12. Nd3 a5 13. Be1 Nd7 14. Bh4 1/2-1/2

[Event "Aeroflot Open 2006"]
[Site "Moscu RUS"]
[Date "2006.02.15"]
[Round "8.7"]
[White "Timofeev, Artyom"]
[Black "Sedlak, Nikola"]
[Result "1/2-1/2"]
[WhiteElo "2653"]
[BlackElo "2518"]
[PlyCount "59"]
[EventDate "2006.02.08"]
[EventType "swiss"]
[EventRounds "9"]
[EventCountry "RUS"]
[Source "lmi"]
[SourceDate "2006.02.18"]

1. e4 c5 2. Nf3 d6 3. d4 cxd4 4. Nxd4 Nf6 5. Nc3 Nc6 6. Be2 e6 7. O-O a6 8. Kh1
Be7 9. f4 Bd7 10. a4 Nxd4 11. Qxd4 Bc6 12. a5 d5 13. e5 Ne4 14. Nxe4 dxe4 15.
Qf2 O-O 16. Be3 Bh4 17. Qg1 f6 18. Bc5 Qd2 19. Bc4 e3 20. Bxe3 Qxc2 21. Bxe6+
Kh8 22. Rac1 Qg6 23. f5 Qh5 24. Rxc6 bxc6 25. g4 Qe8 26. Bc5 fxe5 27. Bxf8 Qxf8
28. g5 Qe7 29. g6 Rd8 30. Rd1 1/2-1/2

[Event "Aeroflot Open 2006"]
[Site "Moscu RUS"]
[Date "2006.02.15"]
[Round "8.8"]
[White "Asrian, Karen"]
[Black "Yakovich, Yuri"]
[Result "1/2-1/2"]
[WhiteElo "2646"]
[BlackElo "2551"]
[PlyCount "103"]
[EventDate "2006.02.08"]
[EventType "swiss"]
[EventRounds "9"]
[EventCountry "RUS"]
[Source "lmi"]
[SourceDate "2006.02.18"]

1. e4 c5 2. Nf3 Nc6 3. Bb5 d6 4. O-O Bd7 5. c3 Nf6 6. Re1 a6 7. Ba4 b5 8. Bc2
e5 9. h3 Be7 10. d4 Qc7 11. d5 Na7 12. Nbd2 O-O 13. Nf1 Nc8 14. N3h2 Nb6 15.
Ne3 Kh8 16. Qf3 Rae8 17. Nf5 Bd8 18. b3 Ng8 19. g4 g6 20. Ng3 Bh4 21. Nhf1 Rb8
22. Bd2 Qd8 23. Ne3 Bg5 24. Bd3 Qe7 25. c4 b4 26. a3 a5 27. axb4 axb4 28. Bc1
Ra8 29. Rb1 Qf6 30. Qe2 Qg7 31. Bb2 Qh6 32. Kg2 f6 33. Bc1 Qg7 34. Rh1 Ne7 35.
h4 Bf4 36. h5 g5 37. h6 Qf7 38. Nef5 Nxf5 39. exf5 Bxg3 40. Kxg3 Ra7 41. Bb2
Qe7 42. Kg2 Be8 43. Ra1 Bf7 44. f3 Rfa8 45. Rae1 Nd7 46. Qf2 Re8 47. Re2 Qf8
48. Bb1 Raa8 49. Kf1 Qe7 50. Qh2 Qd8 51. Qf2 Rg8 52. Qh2 1/2-1/2

[Event "Aeroflot Open 2006"]
[Site "Moscu RUS"]
[Date "2006.02.15"]
[Round "8.12"]
[White "Sargissian, Gabriel"]
[Black "Izoria, Zviad"]
[Result "1/2-1/2"]
[WhiteElo "2603"]
[BlackElo "2652"]
[PlyCount "82"]
[EventDate "2006.02.08"]
[EventType "swiss"]
[EventRounds "9"]
[EventCountry "RUS"]
[Source "lmi"]
[SourceDate "2006.02.18"]

1. d4 Nf6 2. c4 g6 3. Nf3 Bg7 4. g3 O-O 5. Bg2 d6 6. O-O c6 7. Nc3 Qa5 8. e4 e5
9. d5 cxd5 10. cxd5 Bd7 11. a3 Rc8 12. b4 Qd8 13. Bd2 a5 14. Ne1 axb4 15. axb4
Rxa1 16. Qxa1 Na6 17. Nc2 Nc7 18. Na3 h5 19. h3 h4 20. g4 Nh7 21. Rc1 b5 22.
Nc2 Bf6 23. Ne3 Bg5 24. Rc2 Na8 25. Qc1 Nb6 26. Bf1 Bf4 27. Ne2 Rxc2 28. Qxc2
Bxe3 29. Bxe3 Nc4 30. Bc1 Ng5 31. Bg2 f5 32. exf5 gxf5 33. gxf5 Qf6 34. f4 exf4
35. Nxf4 Bxf5 36. Qe2 Qe5 37. Kh2 Be4 38. Bxe4 Nxe4 39. Qg4+ Kf7 40. Qxh4 Nf6
41. Qg3 Qe8 1/2-1/2

[Event "Aeroflot Open 2006"]
[Site "Moscu RUS"]
[Date "2006.02.15"]
[Round "8.16"]
[White "Fressinet, Laurent"]
[Black "Balogh, Csaba"]
[Result "1/2-1/2"]
[WhiteElo "2625"]
[BlackElo "2561"]
[PlyCount "60"]
[EventDate "2006.02.08"]
[EventType "swiss"]
[EventRounds "9"]
[EventCountry "RUS"]
[Source "lmi"]
[SourceDate "2006.02.18"]

1. d4 Nf6 2. c4 g6 3. Nc3 d5 4. cxd5 Nxd5 5. Bd2 Bg7 6. e4 Nb6 7. Be3 O-O 8.
Bb5 a6 9. Be2 f5 10. exf5 Bxf5 11. Qb3+ Kh8 12. Nf3 Qd6 13. O-O Nc6 14. d5 Na5
15. Qd1 Rad8 16. Rc1 Nac4 17. Bxc4 Nxc4 18. Bd4 Nxb2 19. Bxg7+ Kxg7 20. Qd4+
Qf6 21. Rce1 Qxd4 22. Nxd4 Rd7 23. Rb1 Bxb1 24. Ne6+ Kf7 25. Nxf8 Kxf8 26. Rxb1
Nc4 27. Rxb7 Nb6 28. g3 Nxd5 29. Ne4 Nf6 30. Nxf6 exf6 1/2-1/2